Las vengadoras (Record no. 165160)

MARC details
000 -LEADER
campo de control de longitud fija 01024nam a22001935i 4500
001 - NÚMERO DE CONTROL
campo de control 165160
003 - IDENTIFICADOR DE NÚMERO DE CONTROL
campo de control ES-MaACL
005 - FECHA Y HORA DE LA ÚLTIMA TRANSACCIÓN
campo de control 20251014063240.0
008 - DATOS DE LONGITUD FIJA--INFORMACIÓN GENERAL
campo de control de longitud fija 020228s1892 sp |||| | spa d
040 ## - FUENTE DE CATALOGACIÓN
Centro catalogador/agencia de origen CAM
Lengua de catalogación spa
Centro/agencia transcriptor CAM
100 1# - ENTRADA PRINCIPAL--NOMBRE DE PERSONA
Nombre de persona Sellés, Eugenio,
Fechas asociadas al nombre 1842-1926
9 (RLIN) 145933
245 14 - MENCIÓN DEL TÍTULO
Título Las vengadoras
Resto del título : comedia en tres actos y en prosa /
Mención de responsabilidad, etc. original de Eugenio Sellés, refundida por su autor.
260 ## - PUBLICACIÓN, DISTRIBUCIÓN, ETC.
Lugar de publicación, distribución, etc. Madrid :
Nombre del editor, distribuidor, etc. [Administración Lírico-Dramática],
Fecha de publicación, distribución, etc. 1892 (
Fabricante Imprenta Colonial á cargo de G. Gutiérrez)
300 ## - DESCRIPCIÓN FÍSICA
Extensión 100 p. ;
Dimensiones 19 cm.
500 ## - NOTA GENERAL
Nota general En port.: Representada por primera vez en Madrid, en el teatro de la Princesa el día 20 de abril de 1892.
596 ## - NOTA AL PIE DE IMPRENTA
NOTA AL PIE DE IMPRENTA En verso de la port. consta: "... Eduardo Hidalgo ..."
852 ## - LOCALIZACIÓN
Ubicación ES-MaACL
Número de control de estantería F-8649(2)
Nota libre -- Enc. hol. conservando la cub. original
-- -- Dedic. ms. del autor al Ateneo Científico y Literario de Madrid
-- -- nc. en un vol. facticio formando parte de la col. facticia "Teatro español moderno" v. 108
Holdings
Estatus retirado Estado de pérdida Estado de daño No para préstamo Colección Biblioteca de origen Biblioteca actual Ubicación en estantería Fecha de adquisición Total de préstamos Signatura topográfica completa Código de barras Visto por última vez Precio de reemplazo Tipo de ítem Koha
        Libros del s. XIX Biblioteca del Ateneo de Madrid Biblioteca del Ateneo de Madrid Sala Pecera Planta 2 17/01/2008   F-8649(2) 1173177 23/02/2023 23/02/2023 Libro impreso antiguo